| 000 | 00592cam a22001451 4500 | ||
|---|---|---|---|
| 082 |
_a971 _bROB |
||
| 100 | 1 |
_aRobinson, C. W. _950069 |
|
| 245 | 1 | 0 |
_aCanada and Canadian defence; _bthe defensive policy of the Dominion in relation to the character of her frontier, the events of the war of 1812-14, and her position to-day. _cby Major-General C.W. Robinson. |
| 260 |
_aLondon, _bH. Rees, ltd. _c1910. |
||
| 300 |
_ax, 186 p. _b3 fold. maps. _c23 cm. |
||
| 526 |
_a0 _b0 _c0 _d971_000000000000000_ROB |
||
| 650 | 0 |
_aCommunication and traffic _zCanada _950070 |
|
| 650 | 0 |
_aMCE _9379 |
|
| 942 |
_2ddc _cBK |
||
| 999 |
_c552826 _d552826 |
||